000 00543nam a2200181Ia 4500
001 64561
008 210405n2018 ii |||gr||||Z||||||465
020 _a9789352534340
082 _a954
100 _aGrover, B.L.,
_eAuthor.
245 0 _aA new look at modern Indian history :
_bfrom 1707 to the modern times /
_cB.L. Grover .
_hTextual Documents
250 _a32nd ed.
260 _aAssam
_bS.Chand & Company Ltd.
_c2018
300 _axxx, 580 p.:
_c22 cm.
653 _aSouth Asia India
700 _aMehta, Alka,
_eAuthor.
942 _2ddc
_cBK
999 _c65661
_d65661